00382nam a2200181Ia 4500008004000000041000800040082001100048100002900059245002900088250000500117260002000122300001300142650001200155650001100167650000700178650000900185650000600194210210b1931 xxu||||| |||| 00| 0 eng d aeng a381/71 aJACKSON (Thomas Chalice) aJunior book keeping Ed 2 a aLondonb-c1931 aviii,187 akeeping aJunior aEd abook a2